Harnessing digital technology and data for nursing practice / (Record no. 85758)

MARC details
000 -LEADER
fixed length control field 00856nam a22002537a 4500
003 - CONTROL NUMBER IDENTIFIER
control field URS
005 - DATE AND TIME OF LATEST TRANSACTION
control field 20250902134409.0
008 - FIXED-LENGTH DATA ELEMENTS--GENERAL INFORMATION
fixed length control field 250902b |||||||| |||| 00| 0 eng d
020 ## - INTERNATIONAL STANDARD BOOK NUMBER
International Standard Book Number 978-0-443-11160-0
040 ## - CATALOGING SOURCE
Description conventions rda
Transcribing agency URS
Language of cataloging English
050 ## - LIBRARY OF CONGRESS CALL NUMBER
Classification number RT50.5
Item number .H289 2025
245 ## - TITLE STATEMENT
Title Harnessing digital technology and data for nursing practice /
Statement of responsibility, etc edited by Natasha Philippines, Gemma Stacey and Dawn Dowding.
264 #1 - PUBLICATION, DISTRIBUTION, ETC. (IMPRINT)
Place of publication, distribution, etc India :
Name of publisher, distributor, etc Elsevier,
Date of publication, distribution, etc ©2025.
300 ## - PHYSICAL DESCRIPTION
Extent xx, 188 pages :
Other physical details illustrations ;
Dimensions 23 cm.
336 ## - CONTENT TYPE
Content type term text
Content type code txt
Source rdacontent
337 ## - MEDIA TYPE
Media type term unmediated
Media type code n
Source rdamedia
338 ## - CARRIER TYPE
Carrier type term volume
Carrier type code nc
Source rdacarrier
500 ## - GENERAL NOTE
General note Includes index.
650 #0 - SUBJECT ADDED ENTRY--TOPICAL TERM
Topical term or geographic name as entry element Nursing informatics.
9 (RLIN) 1048
700 ## - ADDED ENTRY--PERSONAL NAME
Personal name Phillips, Natasha,
Relator term editor.
9 (RLIN) 6437
700 ## - ADDED ENTRY--PERSONAL NAME
Personal name Stacey, Gemma,
Relator term editor.
9 (RLIN) 6438
700 ## - ADDED ENTRY--PERSONAL NAME
Personal name Dowding, Dawn,
Relator term editor.
9 (RLIN) 6439
942 ## - ADDED ENTRY ELEMENTS (KOHA)
Source of classification or shelving scheme Library of Congress Classification
Koha item type Reserved Books
Holdings
Withdrawn status Lost status Source of classification or shelving scheme Damaged status Not for loan Collection code Home library Current library Shelving location Date acquired Source of acquisition Total Checkouts Full call number Barcode Date last seen Copy number Cost, replacement price Koha item type
    Library of Congress Classification     Non-fiction Taytay College Library Taytay College Library Nursing Collection 08/12/2025 Purchased   RT50.5 .H289 2025 URSTAY-5773 09/02/2025 1 3000.00 Reserved Books

University of Rizal System
Email us at univlibservices@urs.edu.ph

Visit our Website www.urs.edu.ph/library